Kỹ thuật chế biến các món trộn và nước rau quả

में बचाया:
ग्रंथसूची विवरण
मुख्य लेखक: Hoàng, Hoài Linh
स्वरूप: पुस्तक
भाषा:Undetermined
प्रकाशित: Thành phố Hồ Chí Minh Tổng hợp Thành phố Hồ Chí Minh 2005
विषय:
टैग : टैग जोड़ें
कोई टैग नहीं, इस रिकॉर्ड को टैग करने वाले पहले व्यक्ति बनें!
Thư viện lưu trữ: Trung tâm Học liệu Trường Đại học Cần Thơ
LEADER 00630nam a2200193Ia 4500
001 CTU_73932
008 210402s9999 xx 000 0 und d
020 |b 75000 
082 |a 641.8 
082 |b L312 
100 |a Hoàng, Hoài Linh 
245 0 |a Kỹ thuật chế biến các món trộn và nước rau quả 
245 0 |c Hoàng Hoài Linh ; Tiểu Quỳnh 
260 |a Thành phố Hồ Chí Minh 
260 |b Tổng hợp Thành phố Hồ Chí Minh 
260 |c 2005 
650 |a Cookery 
904 |i Mai Loan, Qhieu 
980 |a Trung tâm Học liệu Trường Đại học Cần Thơ